QA #11 - Le Bon Nombre - Noël - Statistiques

Statistiques générales
  • Ce quiz a été pris 334 fois
  • Le résultat moyen est 4 sur 10
Réponses sur la Carte
Les réponses sont colorées sur une échelle allant du rouge au vert en fonction du pourcentage des utilisateurs qui les ont devinées à leur premier essai. Vous pouvez retrouver ces pourcentages ci-dessous.
 
Statistiques - réponses
Réponse % Correct
Jours dans l'Avent
61%
Date du couronnement de Clovis Ier, un 25 décembre
55%
Desserts de Noël dans la tradition provençale
51%
Rois mages dans la tradition chrétienne
50%
Films dans la saga Maman, j'ai raté l'avion!
44%
Années d'isolement du Grinch
36%
Lutins dans le film Santa et Cie
29%
Années de prison dont devrait écoper Santa pour ses violations de la loi française selon Le Monde
25%
Pays où célébrer Noël est un crime
25%
Royaumes dans Casse-Noisette
14%
Aucun quiz correspondant
Distribution des résultats
% des personnes avec chaque résultat
Percentile par nombre de réponses
Votre historique - résultats
Vous n’avez pas pris ce quiz